| 000 | 01037aab a2200205 i 4500 | ||
|---|---|---|---|
| 001 | 768714001 | ||
| 003 | CO-MdFUSB | ||
| 005 | 20240422091632.0 | ||
| 008 | 240417t1986 ag ||||| |||| 00| 0 spa d | ||
| 040 |
_bspa _cCO-MdFUSB |
||
| 041 | _aspa | ||
| 100 | 1 |
_aZukowski de Ramírez, Elvira Ester _eautor |
|
| 245 |
_aEducación teológica por extensión II _c/ Elvira Ester Zukowski de Ramírez |
||
| 300 |
_aVolumen 5, número 1, (marzo, 1986), páginas: 32 - 33 _c; 27 cm |
||
| 520 | _aEl tema de la Educación Teológica por Extensión (E.Τ.Ε.). Primero, esbozamos algunos de los problemas causados por la educación teológica tradicional. Ahora toca explicar en qué consiste la nueva variante. Intentaremos describir sus propósitos principales y algunas posibilidades de aplicación en situaciones especiales. | ||
| 650 | 7 |
_aEducación cristiana _9349 |
|
| 650 | 7 |
_aTeología doctrinal _9179 |
|
| 773 | 0 |
_tIglesia y Misión _049402 _959679 _gVolumen 5, número 1, (marzo, 1986), páginas: 32 - 33 _qpágina: 32 |
|
| 942 | _cANA | ||
| 999 |
_c51649 _d51649 |
||